Food Aliases Quiz Stats

Quiz Updated Feb 21, 2016

Challenge
Share
Tweet
Score 0/20 Timer 04:00
0 Plays Today
% Correct
hoagie
87.1%
scallion
85.3%
chickpea
84.8%
green bean
84.6%
butter bean
75.2%
coriander (leaf)
75%
sablefish
73.6%
eggplant
73.2%
courgette
54.5%
wild marjoram
54.1%
% Correct
trail mix
53.9%
kiwifruit
46.5%
arugula
42.4%
dragon fruit
26.6%
carambola
19.5%
lokum
18.1%
jicama
17.8%
ube
15.6%
lilikoi
14.4%
pomelo
9.3%

You're not logged in!

Compare scores with friends on all Sporcle quizzes.
Sign Up with Email
OR
Log In

You Might Also Like...

Show Comments

Extras

Top Quizzes Today


Score Distribution

Your Account Isn't Verified!

In order to create a playlist on Sporcle, you need to verify the email address you used during registration. Go to your Sporcle Settings to finish the process.